Preferencie spotrebiteľa a užitočnosť vybraných tovarov diplomová práca

Gespeichert in:
Bibliographische Detailangaben
1. Verfasser: Kotorová, Petra
Körperschaft: Fakulta podnikového manažmentu EU. Katedra podnikovohospodárska
Weitere Verfasser: Grisáková, Nora, 1978-
Format: Buch
Sprache:Slowakisch
Veröffentlicht: Bratislava 2011
Tags: Tag hinzufügen
Keine Tags, Fügen Sie das erste Tag hinzu!

MARC

LEADER 00000nbm a2200000 4500
001 0131290
005 20161109101654.9
041 0 |a slo 
044 |a SK 
245 1 0 |a Preferencie spotrebiteľa a užitočnosť vybraných tovarov  |b diplomová práca  |c Petra Kotorová ; školiteľ: Nora Grisáková 
264 1 |a Bratislava  |c 2011 
300 |a 86 s. 
100 1 |a Kotorová, Petra 
700 1 |a Grisáková, Nora, 1978- 
710 2 |a Fakulta podnikového manažmentu EU. Katedra podnikovohospodárska